| 000 | 00406nam a2200169Ia 4500 | ||
|---|---|---|---|
| 008 | 230711s9999||||xx |||||||||||||| ||und|| | ||
| 041 | _aENG | ||
| 082 |
_a531 _bTI-T |
||
| 100 | _aTimoshenko S P | ||
| 245 | 0 | _aTheory of elasticity | |
| 250 | _a3rd . Ed. | ||
| 260 |
_c1970 _aNew Delhi _bTata McGraw Hill Education Limited |
||
| 300 | _a567 | ||
| 650 | _aPhysics | ||
| 700 | _aGoodier,J.N. | ||
| 942 | _cBK | ||
| 999 |
_c4784 _d4784 |
||